000 00673nam a2200241Ia 4500
005 20231223115753.0
008 131103s9999 xx 000 0 und d
040 _aLoreto College
041 _aEnglish
082 _a891
_bCEA
245 _aLiterature of the East,
_b
_cEdited by Eric B.Ceadel
250 _aA Survey,
_bIntroduction by A.J.Arberry
260 _aNew York
_bGrove Press
_c1959
300 _axiii,194 p.
440 _aWisdom of the East Series
504 _aIncludes Index
630 _aPersian Literature
650 _aHebrew Literature
651 _aIranian Literature
700 _aCeadel,Eric B.,ed.
850 _aLCLIB
942 _cBK
999 _c13526
_d64005